<?xml version='1.0' encoding='UTF-8'?>
  <record xmlns="http://www.loc.gov/MARC21/slim">
    <leader>00000cam a2200000 i 4500</leader>
    <controlfield tag="001">ocn782076628</controlfield>
    <controlfield tag="003">OCoLC</controlfield>
    <controlfield tag="005">20250714181640.3</controlfield>
    <controlfield tag="008">910322s1711    be            000 0 dut d</controlfield>
    <datafield tag="040" ind1=" " ind2=" ">
      <subfield code="a">NLGGC</subfield>
      <subfield code="b">dut</subfield>
      <subfield code="e">fobidrtb</subfield>
      <subfield code="c">NLGGC</subfield>
      <subfield code="d">OCLCO</subfield>
      <subfield code="d">OCLCL</subfield>
      <subfield code="d">OCLCQ</subfield>
      <subfield code="d">OCLCL</subfield>
    </datafield>
    <datafield tag="029" ind1="0" ind2=" ">
      <subfield code="a">NLGGC</subfield>
      <subfield code="b">080442056</subfield>
    </datafield>
    <datafield tag="035" ind1=" " ind2=" ">
      <subfield code="a">(OCoLC)782076628</subfield>
    </datafield>
    <datafield tag="041" ind1="1" ind2=" ">
      <subfield code="a">dut</subfield>
      <subfield code="h">lat</subfield>
    </datafield>
    <datafield tag="082" ind1="0" ind2="4">
      <subfield code="a">611</subfield>
      <subfield code="q">OCoLC</subfield>
      <subfield code="1">https://id.oclc.org/worldcat/ddc/E479BbY8YbgrwpKfvkdVkh9BcD</subfield>
    </datafield>
    <datafield tag="084" ind1=" " ind2=" ">
      <subfield code="a">44.34</subfield>
      <subfield code="2">bcl</subfield>
    </datafield>
    <datafield tag="100" ind1="1" ind2=" ">
      <subfield code="a">Verheyen, Phil.</subfield>
      <subfield code="q">(Philippus),</subfield>
      <subfield code="d">1648-1710.</subfield>
      <subfield code="1">https://id.oclc.org/worldcat/entity/E39PBJjmQTrQvgMCQpHxHcP4v3</subfield>
    </datafield>
    <datafield tag="245" ind1="1" ind2="0">
      <subfield code="a">Anatomie oft Ontleed-kundige beschryvinge van het menschen lichaem, in de welke de vindingen soo van de oude als hedendaegsche ontleeders op een nieuwe en gemakkelijke wyse beschreven en met kopere plaeten uytgedrukt worden /</subfield>
      <subfield code="c">door Philippus Verheyen ... ; uyt het Latyn vertaelt door And. Domin. Sassenus ...</subfield>
    </datafield>
    <datafield tag="246" ind1="3" ind2=" ">
      <subfield code="a">Anatomie</subfield>
    </datafield>
    <datafield tag="260" ind1=" " ind2=" ">
      <subfield code="a">Tot Brussel :</subfield>
      <subfield code="b">by t'Serstevens ...,</subfield>
      <subfield code="c">1711.</subfield>
    </datafield>
    <datafield tag="300" ind1=" " ind2=" ">
      <subfield code="a">[30], 798, [18] p. :</subfield>
      <subfield code="b">ill. ;</subfield>
      <subfield code="c">in-8.</subfield>
    </datafield>
    <datafield tag="336" ind1=" " ind2=" ">
      <subfield code="a">tekst</subfield>
      <subfield code="b">txt</subfield>
      <subfield code="2">rdacontent/dut</subfield>
    </datafield>
    <datafield tag="337" ind1=" " ind2=" ">
      <subfield code="a">zonder medium</subfield>
      <subfield code="b">n</subfield>
      <subfield code="2">rdamedia/dut</subfield>
    </datafield>
    <datafield tag="338" ind1=" " ind2=" ">
      <subfield code="a">band</subfield>
      <subfield code="b">nc</subfield>
      <subfield code="2">rdacarrier/dut</subfield>
    </datafield>
    <datafield tag="504" ind1=" " ind2=" ">
      <subfield code="a">Reg.</subfield>
    </datafield>
    <datafield tag="530" ind1=" " ind2=" ">
      <subfield code="a">Titel is geselecteerd voor digitalisering voor Tilburg University in het kader van het Google Books-project.</subfield>
    </datafield>
    <datafield tag="650" ind1="1" ind2="7">
      <subfield code="a">Anatomie.</subfield>
      <subfield code="2">gtt</subfield>
      <subfield code="0">(NL-LeOCL)078432200</subfield>
    </datafield>
    <datafield tag="700" ind1="1" ind2=" ">
      <subfield code="a">Sassenus, A.D.</subfield>
      <subfield code="q">(Andreas Dominicus),</subfield>
      <subfield code="d">1672-1756.</subfield>
      <subfield code="1">https://id.oclc.org/worldcat/entity/E39PCjvkydt8g3T33fxKcrmDFX</subfield>
    </datafield>
    <datafield tag="710" ind1="0" ind2=" ">
      <subfield code="a">T'Serstevens, Simon (Brussel)</subfield>
      <subfield code="4">prt</subfield>
      <subfield code="0">(NL-LeOCL)077152867</subfield>
    </datafield>
    <datafield tag="758" ind1=" " ind2=" ">
      <subfield code="a">Anatomie oft Ontleed-kundige beschryvinge van het menschen lichaem, in de welke de vindingen soo van de oude als hedendaegsche ontleeders op een nieuwe en gemakkelijke wyse beschreven en met kopere plaeten uytgedrukt worden (Text)</subfield>
      <subfield code="1">https://id.oclc.org/worldcat/entity/E39PCFDy9DfVKjHvv8vMBDJkXd</subfield>
      <subfield code="4">https://id.oclc.org/worldcat/ontology/hasWork</subfield>
    </datafield>
    <datafield tag="765" ind1="0" ind2=" ">
      <subfield code="t">Anatomia corporis humani,</subfield>
      <subfield code="d">1697</subfield>
    </datafield>
    <datafield tag="776" ind1="0" ind2=" ">
      <subfield code="t">Anatomie oft Ontleed-kundige beschryvinge van het menschen lichaem, in de welke de vindingen soo van de oude als hedendaegsche ontleeders op een nieuwe en gemakkelijke wyse beschreven en met kopere plaeten uytgedrukt worden</subfield>
      <subfield code="w">(NL-LeOCL)42230199X</subfield>
    </datafield>
    <datafield tag="936" ind1=" " ind2=" ">
      <subfield code="a">BATCHLOAD</subfield>
    </datafield>
  </record>